Visualizzazione normale
Vista MARC
- Filosofi di lingua francese posteriori al 1920
di Genre/Form Term
Records bibliografici associati: 1
001 - CONTROL NUMBER
- control field: 57207
003 - CONTROL NUMBER IDENTIFIER
- control field:
005 - DATE AND TIME OF LATEST TRANSACTION
- control field: 20180514162717.0
008 - FIXED-LENGTH DATA ELEMENTS
- fixed length control field: 180514|| aca||aabn | a|a d
040 ## - CATALOGING SOURCE
- Original cataloging agency:
- Transcribing agency:
155 ## - HEADING--GENRE/FORM TERM
- Genre/form term: Filosofi di lingua francese posteriori al 1920
- General subdivision: Marcel Gabriel, 1889-1973.
670 ## - SOURCE DATA FOUND
- Source citation: Work cat.: ()0: Marcel, Gabriel, 1889-1973. 57206, Homo viator :, [1980]